Catálogo

El otro sendero : (Registro nro. 2760)

Detalles MARC
000 -LEADER
fixed length control field 01213cam a2200325 i 4500
001 - CONTROL NUMBER
control field 2760
003 - CONTROL NUMBER IDENTIFIER
control field Mx-PuUPA
005 - DATE AND TIME OF LATEST TRANSACTION
control field 20230519101607.0
008 - FIXED-LENGTH DATA ELEMENTS--GENERAL INFORMATION
fixed length control field 140415s1987 mx a gr 000 0 spa d
020 ## - INTERNATIONAL STANDARD BOOK NUMBER
International Standard Book Number 9681317696
040 ## - CATALOGING SOURCE
Original cataloging agency Mx-PuUPA
Language of cataloging spa
Transcribing agency Mx-PuUPA
Modifying agency Mx-PuUPA
Description conventions rda
041 0# - LANGUAGE CODE
Language code of text/sound track or separate title spa
100 1# - MAIN ENTRY--PERSONAL NAME
Personal name Soto, Hernando de,
Relator term autor
9 (RLIN) 14026
Dates associated with a name 1941-
245 13 - TITLE STATEMENT
Title El otro sendero :
Remainder of title la revolución informal /
Statement of responsibility, etc. Hernando de Soto ; prólogo de Mario Vargas Llosa ; colaborador, Enrique Ghersi, Mario Ghibellini, Instituto Libertad y Democracia, Yamid Amat
250 ## - EDITION STATEMENT
Edition statement Primera edición
264 #1 - PRODUCTION, PUBLICATION, DISTRIBUTION, MANUFACTURE, AND COPYRIGHT NOTICE
Place of production, publication, distribution, manufacture México, D.F. :
Name of producer, publisher, distributor, manufacturer Editorial Diana,
Date of production, publication, distribution, manufacture, or copyright notice 1987
300 ## - PHYSICAL DESCRIPTION
Extent xxxvi, 317 páginas :
Other physical details ilustraciones ;
Dimensions 23 cm
336 ## - CONTENT TYPE
Fuente rdacontent
Content type term texto
Content type code txt
337 ## - MEDIA TYPE
Source rdamedia
Media type term sin medio
Media type code n
338 ## - CARRIER TYPE
Source rdacarrier
Carrier type term volumen
Carrier type code nc
650 #7 - SUBJECT ADDED ENTRY--TOPICAL TERM
Topical term or geographic name entry element Economía informal
Geographic subdivision Perú
700 1# - ADDED ENTRY--PERSONAL NAME
Personal name Vargas Llosa, Mario,
Relator term prologuista
700 1# - ADDED ENTRY--PERSONAL NAME
Personal name Ghersi, Enrique,
Relator term colaborador
700 1# - ADDED ENTRY--PERSONAL NAME
Personal name Ghibellini, Mario,
Relator term colaborador
700 1# - ADDED ENTRY--PERSONAL NAME
Personal name Amat, Yamid,
Relator term colaborador
710 2# - ADDED ENTRY--CORPORATE NAME
Corporate name or jurisdiction name as entry element Instituto Libertad y Democracia,
Relator term colaborador
942 ## - ADDED ENTRY ELEMENTS (KOHA)
Source of classification or shelving scheme Dewey Decimal Classification
Koha item type Libro
Classification part 330.85
Item part S717
Existencias
Withdrawn status Lost status Source of classification or shelving scheme Damaged status Not for loan Home library Current library Shelving location Date acquired Source of acquisition Total Checkouts Full call number Barcode Price effective from Koha item type Collection code Date last seen
  Extraviado Dewey Decimal Classification     Biblioteca Karol Wojtyla Biblioteca Karol Wojtyla   03/12/2013 Compra   330.85 SOT 15701 03/12/2013 Libro    
    Dewey Decimal Classification     Biblioteca Karol Wojtyla Biblioteca Karol Wojtyla Sala general 03/12/2013 Compra   330.85 S717 1987 13645 03/12/2013 Libro General 05/01/2026